Estadísticas para Geografía en el Mapa Mundial por Letra - C

Haz click aquí para intentar la prueba.

Estadísticas generales

  • Esta prueba ha sido intentada 1.343 veces
  • La puntuación promedio es 15 de 20

Respuestas en el mapa

Las respuestas están codificadas por una escala verde-roja en el mapa de la prueba según el % correcto abajo.
 

Estadísticas de respuestas

Respuesta% Correcto
Canadá
99%
Chile
99%
China
98%
Colombia
98%
Chad
92%
Mar {Caribe}
92%
Canberra
84%
Canarias
83%
Cataluña
81%
Mar {Caspio}
76%
Casablanca
71%
Copenhague
70%
Córcega
70%
Río {Congo}
67%
Chicago
63%
Cordillera del {Cáucaso}
56%
Montes {Cárpatos}
51%
Río {Colorado}
50%
Cantón
42%
Península del {Cabo York}
14%

Distribución de puntuación

Porcentaje por número respondido

Porcentaje de gente con cada puntuación

Historial de tus puntuaciones

No has intentado esta prueba.